Canadian Geography A - Z - Statistics

General Stats
  • This quiz has been taken 479 times
  • The average score is 19 of 25
Answer Stats
Hint Answer % Correct
A. Province named after Queen Victoria's daughter, not her husband. Alberta
96%
G. _______Slave Lake or ______ Bear Lake Great
91%
O. A province and a lake Ontario
91%
Q. A province Quebec
91%
E. Capital of A. Edmonton
90%
L. Newfoundland and ___________ Labrador
89%
U. Country to the south United States
88%
B. Canada's largest island Baffin
87%
M. A prairie province Manitoba
87%
Y. Territory or river Yukon
87%
H. A First Nation and a Great Lake Huron
83%
V. An island, a city and an explorer Vancouver
80%
N. Aurora Borealis or the __________ ____________ Northern Lights
79%
S. A river and a province Saskatchewan
78%
I. Northern First Nation formerly known as Eskimo Inuit
77%
W. A lake and a city in Manitoba Winnipeg
76%
T. Frozen grassland. Tundra
75%
R. Originally called Pile of Bones, it was named after Queen Victoria and is the capital of S Regina
74%
K. An Inuit version of a canoe Kayak
71%
Z. The Canadian pronunciation of the letter Zed
71%
F. The capital of New Brunswick Fredericton
56%
P. Savannah, steppe or plains. Prairie
54%
C. Town known as the polar bear capital of the world Churchill, Manitoba
47%
J. A bay within the Hudson Bay James Bay
41%
D. First Nation in northern Canada with a language similar to Navajo and Apache Dene
17%
No matching quizzes found
Score Distribution
Percent of People with Each Score
Percentile by Number Answered
Your Score History
You have not taken this quiz